[Event "Andalucia-ch"]
[Site "Granada"]
[Date "1991.??.??"]
[Round "4"]
[White "Bacas Rodriguez, Julio"]
[Black "Biedma Martin, Enrique"]
[Result "1-0"]
[WhiteElo "2040"]
[BlackElo "2165"]
[PlyCount "79"]
[EventDate "1991.??.??"]
[EventType "swiss"]
[EventRounds "7"]
[EventCountry "ESP"]
[SourceTitle "EXT 2000"]
[Source "ChessBase"]
[SourceDate "1999.11.16"]
[SourceVersion "1"]
[SourceVersionDate "1999.11.16"]
[SourceQuality "1"]

1. e4 c5 2. Nf3 d6 3. d4 cxd4 4. Nxd4 Nf6 5. Nc3 a6 6. Be3 e5 7. Nb3 Be7 8. f3 0-0 9. Qd2 Be6 10. 0-0-0 Nbd7 11. g4 b5 12. Nd5 Bxd5 13. exd5 Nb6 14. Na5 Nfxd5 15. Nc6 Qc7 16. Nxe7+ Qxe7 17. Bxb6 Nxb6 18. Qxd6 Qg5+ 19. Qd2 Qxd2+ 20. Rxd2 Rfd8 21. Bd3 Kf8 22. Rhd1 Ke7 23. Be4 Rxd2 24. Rxd2 Rb8 25. h4 h6 26. Rd3 Rd8 27. Rxd8 Kxd8 28. Kd2 Kc7 29. h5 Kd6 30. Kc3 Nd5+ 31. Bxd5 Kxd5 32. Kd3 g6 33. g5 Ke6 34. gxh6 Kf6 35. hxg6 Kxg6 36. c4 bxc4+ 37. Kxc4 Kxh6 38. Kd5 f6 39. b4 Kg5 40. Ke4 1-0

[Event "Andalucia-ch"]
[Site "Granada"]
[Date "1991.??.??"]
[Round "2"]
[White "Bacas Rodriguez, Julio"]
[Black "Rojas Sola, Jose"]
[Result "0-1"]
[WhiteElo "2040"]
[BlackElo "2140"]
[PlyCount "44"]
[EventDate "1991.??.??"]
[EventType "swiss"]
[EventRounds "7"]
[EventCountry "ESP"]
[SourceTitle "EXT 2000"]
[Source "ChessBase"]
[SourceDate "1999.11.16"]
[SourceVersion "1"]
[SourceVersionDate "1999.11.16"]
[SourceQuality "1"]

1. e4 d6 2. d4 Nf6 3. Nc3 g6 4. f4 Bg7 5. Nf3 0-0 6. Bd3 Nc6 7. 0-0 e5 8. fxe5 dxe5 9. d5 Nd4 10. Nxe5 Nxe4 11. Nxf7 Nxc3 12. bxc3 Rxf7 13. Rxf7 Kxf7 14. cxd4 Bxd4+ 15. Kh1 Bxa1 16. Ba3 Be5 17. Qe2 Qf6 18. Bc4 Kg7 19. Bc5 Bd7 20. Be3 Re8 21. Qd2 Bc3 22. Qd3 Bf5 0-1

[Event "Andalucia-ch"]
[Site "Granada"]
[Date "1991.??.??"]
[Round "3"]
[White "Lopez, E."]
[Black "Bacas Rodriguez, Julio"]
[Result "0-1"]
[WhiteElo "1960"]
[BlackElo "2040"]
[PlyCount "106"]
[EventDate "1991.??.??"]
[EventType "swiss"]
[EventRounds "7"]
[EventCountry "ESP"]
[SourceTitle "EXT 2000"]
[Source "ChessBase"]
[SourceDate "1999.11.16"]
[SourceVersion "1"]
[SourceVersionDate "1999.11.16"]
[SourceQuality "1"]

1. c4 e5 2. Nc3 Bb4 3. a3 Bxc3 4. bxc3 Nc6 5. Nf3 d6 6. g3 Nge7 7. Bg2 0-0 8. 0-0 Be6 9. d3 h6 10. Nd2 Na5 11. Qa4 c6 12. Rd1 d5 13. cxd5 cxd5 14. Bb2 Nac6 15. c4 d4 16. Qb5 f5 17. a4 a6 18. Qb3 Rb8 19. Ba3 Re8 20. Rab1 b5 21. axb5 axb5 22. Bxe7 Nxe7 23. Qa3 bxc4 24. Nxc4 Bxc4 25. dxc4 Qc7 26. Rbc1 Rec8 27. Rd2 Qc5 28. Qxc5 Rxc5 29. Ra2 Rb4 30. Ra7 Kf8 31. Ra8+ Kf7 32. Ra7 e4 33. f3 e3 34. f4 Ke8 35. Ra8+ Kd7 36. Ra7+ Rc7 37. Rxc7+ Kxc7 38. Bf3 Nc8 39. Bd5 Kd6 40. Bg8 Kc5 41. Be6 Nd6 42. Ra1 Nxc4 43. Bxf5 Nd6 44. Bd3 Rb7 45. Ra5+ Nb5 46. Kg2 Kb4 47. Ra8 Kc3 48. Rc8+ Kd2 49. Rc2+ Kd1 50. Rb2 Nd6 51. Rxb7 Nxb7 52. Kf3 Nc5 53. Bg6 Kd2 0-1